[Event "GER S4G1 enginefrei email"]
[Site "GER email"]
[Date "2018.03.17"]
[Round "?"]
[White "Birzer, Lothar"]
[Black "Denker, Hans Peter"]
[Result "1-0"]
[WhiteElo "2001"]
[BlackElo "1316"]
[PlyCount "59"]
[EventDate "2018.03.26"]
[EventType "tourn (corr)"]
[EventRounds "6"]
[EventCountry "GER"]
[SourceTitle "Corr 2020"]
[Source "ChessBase"]
[SourceDate "2019.09.30"]
[SourceVersion "1"]
[SourceVersionDate "2019.09.30"]
[SourceQuality "1"]

1. e4 e5 2. Nf3 Nc6 3. Bc4 Nf6 4. d3 h6 5. 0-0 d6 6. c3 Na5 7. Bb5+ Bd7 8. Bxd7+ Qxd7 9. Nbd2 g5 10. b4 Nc6 11. a4 a6 12. Nc4 d5 13. Nfxe5 Nxe5 14. Nxe5 Qe6 15. Nf3 0-0-0 16. Nd4 Qd7 17. e5 Nh7 18. b5 a5 19. Qh5 Bc5 20. Be3 Bxd4 21. cxd4 Qe6 22. f4 Qg6 23. Qg4+ Qe6 24. f5 Qd7 25. Bd2 b6 26. Rac1 Kb8 27. Rc6 Nf8 28. e6 fxe6 29. fxe6 Qe8 30. Qg3 1-0

[Event "GER S4G1 enginefrei email"]
[Site "GER email"]
[Date "2018.03.17"]
[Round "?"]
[White "Denker, Hans Peter"]
[Black "Baumblueth, Peter"]
[Result "0-1"]
[WhiteElo "1316"]
[BlackElo "1667"]
[PlyCount "52"]
[EventDate "2018.03.26"]
[EventType "tourn (corr)"]
[EventRounds "6"]
[EventCountry "GER"]
[SourceTitle "Corr 2020"]
[Source "ChessBase"]
[SourceDate "2019.09.30"]
[SourceVersion "1"]
[SourceVersionDate "2019.09.30"]
[SourceQuality "1"]

1. Nc3 d5 2. e4 d4 3. Nce2 e5 4. Ng3 Qf6 5. Nf3 h5 6. h4 Bg4 7. Be2 Nc6 8. d3 g6 9. Bg5 Qd6 10. Bd2 Be7 11. Ng1 Bxe2 12. Qxe2 Nb4 13. Bc1 Qc6 14. Kd1 Bd6 15. a3 Na6 16. Rb1 Nf6 17. f3 Nd7 18. Bd2 Qa4 19. Rc1 Qb5 20. c4 Qb3+ 21. Rc2 Nac5 22. Bb4 Nxd3 23. Bxd6 cxd6 24. Nh3 Nb6 25. Nf2 Nf4 26. Qd2 Nxc4 0-1

[Event "GER Liga Q Server-39 email"]
[Site "GER email"]
[Date "2017.11.25"]
[Round "?"]
[White "Maruhn, Sebastian"]
[Black "Denker, Hans Peter"]
[Result "1/2-1/2"]
[WhiteElo "1582"]
[BlackElo "1316"]
[PlyCount "90"]
[EventDate "2017.12.01"]
[EventType "tourn (corr)"]
[EventRounds "6"]
[EventCountry "GER"]
[SourceTitle "Corr 2020"]
[Source "ChessBase"]
[SourceDate "2019.09.30"]
[SourceVersion "1"]
[SourceVersionDate "2019.09.30"]
[SourceQuality "1"]

1. d4 f5 2. Nf3 g6 3. c4 Bg7 4. Nc3 Nf6 5. Bg5 0-0 6. e3 c6 7. Bd3 d6 8. 0-0 Qe8 9. Nd2 e5 10. f3 Be6 11. Re1 Qf7 12. b3 Na6 13. dxe5 dxe5 14. Qe2 Nc5 15. Bc2 e4 16. Rad1 exf3 17. gxf3 Nfd7 18. Ndb1 Bf6 19. Bf4 Bh4 20. Bg3 Bxg3 21. hxg3 Nf6 22. Rd2 Rad8 23. Red1 Qe7 24. b4 Na6 25. a3 Rd7 26. Bd3 Rfd8 27. c5 Nc7 28. Bc4 Bxc4 29. Qxc4+ Qf7 30. Qxf7+ Kxf7 31. Kf2 Ncd5 32. Ke2 Nxc3+ 33. Nxc3 Rxd2+ 34. Rxd2 Rxd2+ 35. Kxd2 a6 36. Kd3 Ke6 37. Kc4 h6 38. Kd4 Nh5 39. Ne2 g5 40. f4 g4 41. e4 Ng7 42. e5 Ne8 43. Nc3 Nc7 44. a4 h5 45. Ke3 Ke7 1/2-1/2

[Event "GER Liga Q Server-37 email"]
[Site "GER email"]
[Date "2017.04.20"]
[Round "?"]
[White "Denker, Hans Peter"]
[Black "Maruhn, Sebastian"]
[Result "1/2-1/2"]
[WhiteElo "1316"]
[BlackElo "1582"]
[PlyCount "98"]
[EventDate "2017.04.25"]
[EventType "tourn (corr)"]
[EventRounds "6"]
[EventCountry "GER"]
[SourceTitle "Corr 2020"]
[Source "ChessBase"]
[SourceDate "2019.09.30"]
[SourceVersion "1"]
[SourceVersionDate "2019.09.30"]
[SourceQuality "1"]

1. e4 e6 2. Nc3 d5 3. exd5 exd5 4. d4 Nf6 5. Nf3 Bb4 6. Bd2 0-0 7. Be2 Bg4 8. 0-0 Nc6 9. a3 Bxc3 10. Bxc3 Ne4 11. Qd3 f5 12. h3 Bh5 13. Rfe1 Rf6 14. Nd2 Bxe2 15. Rxe2 Rg6 16. Nxe4 fxe4 17. Qe3 Qf6 18. Rae1 Rf8 19. b3 Ne7 20. Bb4 Rf7 21. Bxe7 Qxe7 22. Kh1 Qxa3 23. Qc3 Qd6 24. Qc5 Qxc5 25. dxc5 Ra6 26. f3 Re7 27. fxe4 Rae6 28. e5 Kf8 29. Kh2 Ke8 30. c3 Kd7 31. b4 Kc6 32. g4 a5 33. Kg3 Kb5 34. Kf4 axb4 35. cxb4 Rf7+ 36. Kg3 g5 37. Rf2 Rxf2 38. Kxf2 Kxb4 39. Rb1+ Kxc5 40. Rxb7 Kc6 41. Ra7 Rxe5 42. Ra6+ Kc5 43. Rh6 d4 44. Rxh7 c6 45. h4 gxh4 46. Rxh4 d3 47. Rh5 Kd5 48. Rxe5+ Kxe5 49. Ke3 d2 1/2-1/2

[Event "GER-Cup30 E/V04 email"]
[Site "GER email"]
[Date "2016.11.01"]
[Round "?"]
[White "Landeck, Gerhard"]
[Black "Denker, Hans Peter"]
[Result "1-0"]
[WhiteElo "1559"]
[BlackElo "1316"]
[PlyCount "31"]
[EventDate "2016.11.07"]
[EventType "tourn (corr)"]
[EventRounds "4"]
[EventCountry "GER"]
[SourceTitle "Corr 2020"]
[Source "ChessBase"]
[SourceDate "2019.09.30"]
[SourceVersion "1"]
[SourceVersionDate "2019.09.30"]
[SourceQuality "1"]

1. e4 g6 2. d4 Bg7 3. Nc3 d6 4. Be3 f5 5. Nf3 Nf6 6. e5 dxe5 7. dxe5 Qxd1+ 8. Rxd1 Ng4 9. Nd5 0-0 10. Nxc7 Nxe5 11. Nxe5 Bxe5 12. Bc4+ Kh8 13. Nxa8 Nc6 14. Bh6 Rf6 15. 0-0 b6 16. Bb5 1-0

[Event "GER AK-1880 email"]
[Site "GER email"]
[Date "2016.10.04"]
[Round "?"]
[White "Denker, Hans Peter"]
[Black "Hoehne, Ernst"]
[Result "0-1"]
[WhiteElo "1316"]
[BlackElo "2022"]
[PlyCount "32"]
[EventDate "2016.10.10"]
[EventType "tourn (corr)"]
[EventRounds "6"]
[EventCountry "GER"]
[SourceTitle "Corr 2022"]
[Source "ChessBase"]
[SourceDate "2021.10.24"]
[SourceVersion "1"]
[SourceVersionDate "2021.10.24"]
[SourceQuality "1"]

1. d4 Nf6 2. Nc3 d5 3. f3 c5 4. Be3 Nc6 5. Bf2 cxd4 6. Bxd4 e5 7. Bf2 d4 8. Nb1 Nd5 9. c3 Qa5 10. Qd2 Bf5 11. e4 dxe3 12. Bxe3 Nxe3 13. Qxe3 Bc5 14. Qg5 Qb6 15. Ne2 Bf2+ 16. Kd1 Rd8+ 0-1

[Event "GER AK-1880 email"]
[Site "GER email"]
[Date "2016.10.04"]
[Round "?"]
[White "Denker, Hans Peter"]
[Black "Rheindt, Stefan"]
[Result "0-1"]
[WhiteElo "1316"]
[BlackElo "1432"]
[PlyCount "54"]
[EventDate "2016.10.10"]
[EventType "tourn (corr)"]
[EventRounds "6"]
[EventCountry "GER"]
[SourceTitle "Corr 2020"]
[Source "ChessBase"]
[SourceDate "2019.09.30"]
[SourceVersion "1"]
[SourceVersionDate "2019.09.30"]
[SourceQuality "1"]

1. d4 d5 2. c4 e6 3. Nc3 Nf6 4. Bg5 c6 5. e4 Be7 6. Bxf6 Bxf6 7. e5 Be7 8. Qg4 0-0 9. c5 f5 10. Qh3 Nd7 11. Bd3 b6 12. g4 g6 13. Nf3 bxc5 14. gxf5 exf5 15. Rg1 cxd4 16. Bxf5 Rxf5 17. Qxf5 Nf8 18. Qf4 dxc3 19. Qh6 cxb2 20. Rb1 Qa5+ 21. Kf1 Qxa2 22. Kg2 Bf5 23. e6 Bxb1 24. h4 Nxe6 25. h5 Bf8 26. Qe3 Be4 27. hxg6 hxg6 0-1

[Event "GER AK-1880 email"]
[Site "GER email"]
[Date "2016.10.04"]
[Round "?"]
[White "Vinken, Stefanie"]
[Black "Denker, Hans Peter"]
[Result "1-0"]
[WhiteElo "1457"]
[BlackElo "1316"]
[PlyCount "88"]
[EventDate "2016.10.10"]
[EventType "tourn (corr)"]
[EventRounds "6"]
[EventCountry "GER"]
[SourceTitle "Corr 2020"]
[Source "ChessBase"]
[SourceDate "2019.09.30"]
[SourceVersion "1"]
[SourceVersionDate "2019.09.30"]
[SourceQuality "1"]

1. d4 g6 2. c4 Bg7 3. Nc3 c5 4. d5 Bxc3+ 5. bxc3 Nf6 6. Nf3 Qa5 7. Bb2 d6 8. e3 Bg4 9. Be2 Ne4 10. Qc2 Bf5 11. Bd3 Nf6 12. Bxf5 gxf5 13. Qxf5 Nbd7 14. 0-0 0-0-0 15. Rfb1 Rdg8 16. Qc2 Rg7 17. Qb3 Rhg8 18. g3 Qc7 19. a4 a5 20. Qc2 Ng4 21. Nh4 Nde5 22. f4 Nxc4 23. Qf5+ Qd7 24. Qxd7+ Kxd7 25. Nf5 Rg6 26. Bc1 b6 27. e4 e6 28. dxe6+ fxe6 29. Nh4 Rh6 30. f5 exf5 31. Bxh6 fxe4 32. Bf4 Ke6 33. Ng2 Rg7 34. Re1 d5 35. Rab1 Rb7 36. h3 Nf6 37. Kf2 h5 38. Ne3 Nxe3 39. Bxe3 Kd6 40. Bg5 Ke6 41. Rb5 Nd7 42. Reb1 Kd6 43. Rxa5 Ne5 44. Rab5 Nc4 1-0

[Event "GER T241-E11-S email"]
[Site "GER email"]
[Date "2016.08.14"]
[Round "?"]
[White "Hoexter, Heinrich"]
[Black "Denker, Hans Peter"]
[Result "1-0"]
[WhiteElo "2061"]
[BlackElo "1316"]
[PlyCount "39"]
[EventDate "2016.08.22"]
[EventType "tourn (corr)"]
[EventRounds "8"]
[EventCountry "GER"]
[SourceTitle "Corr 2022"]
[Source "ChessBase"]
[SourceDate "2021.10.24"]
[SourceVersion "1"]
[SourceVersionDate "2021.10.24"]
[SourceQuality "1"]

1. d4 Nf6 2. c4 e6 3. Nf3 Bb4+ 4. Bd2 Bxd2+ 5. Nbxd2 0-0 6. g3 b6 7. Bg2 Bb7 8. 0-0 d5 9. Rc1 c6 10. Re1 Nbd7 11. c5 b5 12. Ne5 a5 13. f4 Nxe5 14. dxe5 Nd7 15. e4 Qe7 16. exd5 exd5 17. Nb3 a4 18. Nd4 g6 19. Qd2 Nxc5 20. Qb4 1-0

[Event "GER-Cup28 E/V04 email"]
[Site "GER email"]
[Date "2016.02.23"]
[Round "?"]
[White "Denker, Hans Peter"]
[Black "Cremerius, Armin"]
[Result "0-1"]
[WhiteElo "1316"]
[BlackElo "1890"]
[PlyCount "69"]
[EventDate "2016.02.29"]
[EventType "tourn (corr)"]
[EventRounds "4"]
[EventCountry "GER"]
[SourceTitle "Corr 2020"]
[Source "ChessBase"]
[SourceDate "2019.09.30"]
[SourceVersion "1"]
[SourceVersionDate "2019.09.30"]
[SourceQuality "1"]

1. e4 c5 2. f4 d6 3. Nf3 Nf6 4. Nc3 Nc6 5. Bb5 Bd7 6. d3 a6 7. Bxc6 Bxc6 8. 0-0 e6 9. Be3 Be7 10. Qd2 0-0 11. e5 Ng4 12. h3 Nxe3 13. Qxe3 d5 14. Qe2 b5 15. a3 d4 16. Ne4 Qb6 17. Nfg5 h6 18. Nf3 c4 19. Rac1 c3 20. b4 a5 21. Rb1 axb4 22. axb4 Ra4 23. Qf2 Bxb4 24. Kh2 Rd8 25. Ng3 Bc5 26. Nh4 Ra2 27. f5 Bd5 28. Nh5 Bf8 29. Qg3 Kh7 30. Rf4 exf5 31. Rxf5 Rxc2 32. Rf6 gxf6 33. Rxb5 Qe6 34. Qf4 fxe5 35. Nf6+ 0-1

[Event "GER T229-C30-S email"]
[Site "GER email"]
[Date "2015.11.02"]
[Round "?"]
[White "Denker, Hans Peter"]
[Black "Wilshusen, Horst"]
[Result "1-0"]
[WhiteElo "1316"]
[BlackElo "1448"]
[PlyCount "53"]
[EventDate "2015.11.09"]
[EventType "tourn (corr)"]
[EventRounds "8"]
[EventCountry "GER"]
[SourceTitle "Corr 2020"]
[Source "ChessBase"]
[SourceDate "2019.09.30"]
[SourceVersion "1"]
[SourceVersionDate "2019.09.30"]
[SourceQuality "1"]

1. e4 e5 2. f4 d5 3. Nf3 dxe4 4. Nxe5 Bd6 5. Bc4 Nh6 6. 0-0 0-0 7. Qe1 Bf5 8. Nc3 Nd7 9. d4 c5 10. Nxe4 Bxe4 11. Qxe4 cxd4 12. Nxd7 Qxd7 13. f5 Rac8 14. Bd3 f6 15. Bxh6 gxh6 16. Qg4+ Kh8 17. Be4 Rg8 18. Qf3 Bb8 19. Bd5 Qd6 20. Bxg8 Qxh2+ 21. Kf2 Rxc2+ 22. Ke1 Bg3+ 23. Kd1 Rxg2 24. Bb3 Rxb2 25. Qd3 Qg2 26. Rc1 Bh4 27. Rc8+ 1-0

[Event "GER T229-C30-S email"]
[Site "GER email"]
[Date "2015.11.02"]
[Round "?"]
[White "Heiermann, Ludger"]
[Black "Denker, Hans Peter"]
[Result "1-0"]
[WhiteElo "1809"]
[BlackElo "1316"]
[PlyCount "37"]
[EventDate "2015.11.09"]
[EventType "tourn (corr)"]
[EventRounds "8"]
[EventCountry "GER"]
[SourceTitle "Corr 2020"]
[Source "ChessBase"]
[SourceDate "2019.09.30"]
[SourceVersion "1"]
[SourceVersionDate "2019.09.30"]
[SourceQuality "1"]

1. e4 e5 2. f4 exf4 3. Nf3 Be7 4. Nc3 Bh4+ 5. Ke2 d6 6. d4 g5 7. Nxh4 gxh4 8. Qd3 Bg4+ 9. Ke1 Nf6 10. Bxf4 c6 11. Bg5 Nbd7 12. h3 Bh5 13. e5 dxe5 14. dxe5 Qe7 15. Bxf6 Nxf6 16. Qf5 Qc5 17. Qxf6 Qe3+ 18. Be2 Rg8 19. Kf1 1-0

[Event "GER AK-1870 email"]
[Site "GER email"]
[Date "2015.11.01"]
[Round "?"]
[White "Rheindt, Stefan"]
[Black "Denker, Hans Peter"]
[Result "1-0"]
[WhiteElo "1429"]
[BlackElo "1316"]
[PlyCount "69"]
[EventDate "2015.11.09"]
[EventType "tourn (corr)"]
[EventRounds "6"]
[EventCountry "GER"]
[SourceTitle "Corr 2020"]
[Source "ChessBase"]
[SourceDate "2019.09.30"]
[SourceVersion "1"]
[SourceVersionDate "2019.09.30"]
[SourceQuality "1"]

1. e4 e6 2. d4 d5 3. Nc3 c5 4. exd5 exd5 5. dxc5 Nc6 6. Qe2+ Be6 7. Be3 d4 8. 0-0-0 Qf6 9. Ne4 Qe5 10. Bd2 Bxa2 11. f4 Qe6 12. Qb5 Qd5 13. c4 Qd7 14. Re1 0-0-0 15. Qa4 d3 16. Qxa2 Be7 17. Re3 Qf5 18. b4 Nf6 19. Ng3 Qd7 20. Nf3 Qc7 21. Bxd3 Kb8 22. Kc2 Nd4+ 23. Nxd4 Rxd4 24. Nf5 Rd7 25. Nxe7 Rxe7 26. Rxe7 Qxe7 27. Re1 Qd7 28. Bc3 Rd8 29. Be5+ Ka8 30. Bd6 Qg4 31. Qa5 Rd7 32. b5 Qxg2+ 33. Kc3 Rxd6 34. cxd6 Qf2 35. Qd8# 1-0